Time to get serious (Record no. 68715)

MARC details
000 -LEADER
fixed length control field 01059cam a2200229 4500
001 - CONTROL NUMBER
control field ABS64703
008 - FIXED-LENGTH DATA ELEMENTS--GENERAL INFORMATION
fixed length control field 011030n2001 000 0 eng u
035 ## - SYSTEM CONTROL NUMBER
System control number (Sirsi) u115393
100 ## - MAIN ENTRY--PERSONAL NAME
Personal name Vivian, J
245 ## - TITLE STATEMENT
Title Time to get serious
260 ## - PUBLICATION, DISTRIBUTION, ETC.
Date of publication, distribution, etc. 2001
490 ## - SERIES STATEMENT
Series statement Property Week
Volume/sequential designation 66(41) 12 October 2001, 102-103(2)
520 ## - SUMMARY, ETC.
Summary, etc. Discusses the implications for landlords of two recent cases, "McDonald's Property Co Ltd v HSBC Bank plc" and "Starmark Enterprises v CPL Distribution" which dealt with the issue of whether time is of the essence in rent review clauses. The decisions highlight the importance of clear drafting of rent review clauses, and for landlords to ensure that any notices are served within the timescale provided to avoid any possible problems.
590 ## - LOCAL NOTE (RLIN)
Local note ABS
650 ## - SUBJECT ADDED ENTRY--TOPICAL TERM
Topical term or geographic name entry element RENT REVIEW CLAUSES
650 ## - SUBJECT ADDED ENTRY--TOPICAL TERM
Topical term or geographic name entry element TIME OF THE ESSENCE
650 ## - SUBJECT ADDED ENTRY--TOPICAL TERM
Topical term or geographic name entry element DRAFTING
650 ## - SUBJECT ADDED ENTRY--TOPICAL TERM
Topical term or geographic name entry element MCDONALD'S PROPERTY CO LTD V HSBC BANK
650 ## - SUBJECT ADDED ENTRY--TOPICAL TERM
Topical term or geographic name entry element STARMARK ENTERPRISES V CPL DISTRIBUTION
690 ## - LOCAL SUBJECT ADDED ENTRY--TOPICAL TERM (OCLC, RLIN)
Topical term or geographic name as entry element LANDLORD AND TENANT-RENT REVIEWS
942 ## - ADDED ENTRY ELEMENTS (KOHA)
Suppress in OPAC 0
Holdings
Withdrawn status Lost status Source of classification or shelving scheme Damaged status Not for loan Home library Current library Shelving location Date acquired Total Checkouts Full call number Barcode Date last seen Copy number Price effective from Koha item type
    Dewey Decimal Classification     London London Journal article 30/10/2001   ABS64703 115393-1001 06/08/2019 1 06/08/2019 Journal article